Амурская культура в печати (Запись № 10630049)

Подробности
000 -МАРКЕР
контрольное поле 01824nam1a2200301 i 4500
001 - ИДЕНТИФИКАТОР ЗАПИСИ
контрольное поле RU\NLR\BIBL_A\010910998
005 - ИДЕНТИФИКАТОР ВЕРСИИ
контрольное поле 20260406015546.0
035 ## - ДРУГИЕ СИСТЕМНЫЕ НОМЕРА
Идентификатор записи (NLR Aleph) 010910998
100 ## - ДАННЫЕ ОБЩЕЙ ОБРАБОТКИ
Данные общей обработки 20151123g20149999u y0rusy50 ca
101 0# - ЯЗЫК РЕСУРСА
Язык текста, звукозаписи и т.д. русский
102 ## - СТРАНА ПУБЛИКАЦИИ ИЛИ ПРОИЗВОДСТВА
Страна публикации Российская Федерация
105 ## - ПОЛЕ КОДИРОВАННЫХ ДАННЫХ: ТЕКСТОВЫЕ МАТЕРИАЛЫ, МОНОГРАФИЧЕСКИЕ
Кодированные данные о монографическом текстовом документе g
200 1# - ЗАГЛАВИЕ И СВЕДЕНИЯ ОБ ОТВЕТСТВЕННОСТИ
Основное заглавие Амурская культура в печати
Сведения, относящиеся к заглавию информационный бюллетень
Первые сведения об ответственности Амур. обл. науч. б-ка им. Н. Н. Муравьева-Амурского, Отд. краеведения и ред. книг
Последующие сведения об ответственности [сост.: Смирнова В. В.]
210 ## - ПУБЛИКАЦИЯ, РАСПРОСТРАНЕНИЕ И ДР.
Место издания, распространения и т.д. Благовещенск
Имя издателя, распространителя и т. д. Амурская областная научная библиотека
Дата издания, распространения и т.д. 2014
215 ## - ФИЗИЧЕСКАЯ ХАРАКТЕРИСТИКА
Размеры 21
606 1# - НАИМЕНОВАНИЕ ТЕМЫ КАК ПРЕДМЕТ
Наименование темы Периодическая печать
Формальный подзаголовок Библиография
Тематический подзаголовок Освещение вопросов культуры
Географический подзаголовок Амурская область
Системный номер авторитетной/нормативной записи 2260087
Идентификатор авторитетной/нормативной записи RU\NLR\AUTH\6601585048
607 ## - ГЕОГРАФИЧЕСКОЕ НАИМЕНОВАНИЕ КАК ПРЕДМЕТ
Географическое наименование Амурская область
Формальный подзаголовок Библиография
Тематический подзаголовок Культура
Системный номер авторитетной/нормативной записи 2136595
Идентификатор авторитетной/нормативной записи RU\NLR\AUTH\661592651
686 1# - ИНДЕКСЫ ДРУГИХ КЛАССИФИКАЦИЙ
Индекс Я172(2Р-2Ам)
686 1# - ИНДЕКСЫ ДРУГИХ КЛАССИФИКАЦИЙ
Индекс Ч612.39я17
686 1# - ИНДЕКСЫ ДРУГИХ КЛАССИФИКАЦИЙ
Индекс Т3(2Р-4Ам)0-7я1
702 #1 - ИМЯ ЛИЦА - ВТОРИЧНАЯ ОТВЕТСТВЕННОСТЬ
Код отношения Составитель
Графика поля Кириллица
Материалы, к которым относится поле rus
Начальный элемент ввода Смирнова
Часть имени, кроме начального элемента ввода В. В.
Дополнения к именам, кроме дат библиограф, краевед
Расширение инициалов личного имени Валентина Васильевна
Системный номер авторитетной/нормативной записи 103951
Идентификатор авторитетной/нормативной записи RU\NLR\AUTH\77121026
712 02 - НАИМЕНОВАНИЕ ОРГАНИЗАЦИИ - ВТОРИЧНАЯ ОТВЕТСТВЕННОСТЬ
Код отношения Прочие
Начальный элемент ввода Амурская областная научная библиотека им. Н. Н. Муравьева-Амурского
Структурное подразделение Отдел краеведения и редких книг
Идентифицирующий признак Благовещенск
Системный номер авторитетной/нормативной записи 413684
Идентификатор авторитетной/нормативной записи RU\NLR\AUTH\880373619
852 ## - МЕСТОНАХОЖДЕНИЕ И ШИФР ХРАНЕНИЯ
Идентификатор организации NLR
Шифр хранения (Call Number) С 2015-2/488
942 ## - ДОПОЛНИТЕЛЬНЫЕ ЭЛЕМЕНТЫ ЗАПИСИ (АБИС)
Тип экземпляра АБИС Книга

Нет доступных экземпляров.